The amazing Spider-Man. 1977-1978. Big apple ... Read More
Available copies
- 1 of 1 copy available at LARL/NWRL Consortium.
- 1 of 1 copy available at Lake Agassiz Regional Library. (Show preferred library)
Current holds
0 current holds with 1 total copy.
Show Only Available Copies
| Location | Call Number / Copy Notes | Barcode | Shelving Location | Status | Due Date |
|---|---|---|---|---|---|
| Bagley Public Library | Y G WEI (Text) | 33500014013585 | Main | Available | - |
Record details
- ISBN: 9781302955267
- ISBN: 1302955268
- Physical Description: 443 pages : color illustrations ; 26 cm
- Publisher: New York : Marvel, [2024]
- Copyright: ©2024.
Content descriptions
| General Note: | "Contains material originally published in magazine form as Amazing Spider-Man (1963) #165-185, ... Read More |
| Formatted Contents Note: | Stegron stalks the city! (#165) -- War of the ... Read More |
| Summary, etc.: | "J. Jonah Jameson has uncovered proof that Peter ... Read More |
Search for related items by subject
| Subject: | Spider-Man (Fictitious character) > Comic books, strips, etc. Superheroes > Comic books, strips, etc. |
| Genre: | Graphic novels. Superhero comics. Science fiction comics. |
Search for related items by series
| LDR | 05525cam a2200805 i 4500 | ||
|---|---|---|---|
| 001 | 440287 | ||
| 003 | LARL_NWRL_CONSORTIUM | ||
| 005 | 20240624214229.0 | ||
| 008 | 240119t20242024nyua 6 000 1 eng d | ||
| 040 | . | ‡aYDX ‡beng ‡erda ‡cYDX ‡dOCLCO ‡dGRC ‡dOCLCO ‡dGK7 ‡dJAS ‡dIUK | |
| 020 | . | ‡a9781302955267 ‡q(paperback) | |
| 020 | . | ‡a1302955268 ‡q(paperback) | |
| 035 | . | ‡a(OCoLC)1417469962 | |
| 082 | 0 | 4. | ‡a741.5973 ‡223 |
| 100 | 1 | . | ‡aWein, Len, ‡eauthor, ‡eeditor. ‡0(LARL_NWRL_CONSORTIUM)184702 |
| 245 | 1 | 4. | ‡aThe amazing Spider-Man. ‡p1977-1978. ‡pBig apple battleground / ‡cwriters: Len Wein & Marv Wolfman with Bill Mantlo, Scott Edelman & Archie Goodwin ; pencilers: Ross Andru with Don Perlin, John Romita Jr. & Sal Buscema ; inkers/finishers: Mike Esposito & Jim Mooney with Frank Giacoia, Tony DeZuniga, Al Milgrom & Bob McLeod ; colorists: Glynis Wein with Don Warfield, Nel Yomtov, Janice Cohen & Michele Wolfman ; letterers: Joe Rosen & John Costanza, with Irving Watanabe, Bruce Patterson, Annette Kawecki & Jim Novak ; editors: Len Wein & Marv Wolfman with Archie Goodwin ; collection front cover art: Gil Kane & Frank Giacoia ; collection back cover art: Ross Andru & Mike Esposito. |
| 246 | 3 | 0. | ‡aBig apple battleground |
| 246 | 1 | 8. | ‡aMarvel Epic collection Amazing Spider-Man. ‡pBig apple battleground |
| 264 | 1. | ‡aNew York : ‡bMarvel, ‡c[2024] | |
| 264 | 4. | ‡c©2024. | |
| 300 | . | ‡a443 pages : ‡bcolor illustrations ; ‡c26 cm | |
| 336 | . | ‡atext ‡btxt ‡2rdacontent | |
| 336 | . | ‡astill image ‡bsti ‡2rdacontent | |
| 337 | . | ‡aunmediated ‡bn ‡2rdamedia | |
| 338 | . | ‡avolume ‡bnc ‡2rdacarrier | |
| 490 | 0 | . | ‡aAmazing Spider-Man. Epic collection ; ‡v10 |
| 500 | . | ‡a"Contains material originally published in magazine form as Amazing Spider-Man (1963) #165-185, Amazing Spider-Man Annual (1964) #11-12 and Nova (1977) #12, Marvel Calendar 1978, Treasury Edition (1974) #14 and F.O.O.M. (1973) #17-18 and #22"--indicia. | |
| 505 | 0 | 0. | ‡tStegron stalks the city! (#165) -- ‡tWar of the Reptile-Men! (#166) -- ‡t... stalked by the Spider-Slayer! (#167) -- ‡tMurder on the wind! (#168) -- ‡tConfrontation (#169) -- ‡tMadness is all in the mind! (#170) -- ‡gThe ‡tman called Photon? ‡r(Nova #12) -- ‡tPhoton is another name for...? (#171) -- ‡tSpawn of the Spider ‡r(Annual #11) -- ‡tChaos at the Coffee Bean! ‡r(Annual #11) -- ‡gThe ‡tfiend from the fire! (#172) -- ‡tIf you can't stand the heat...! (#173) -- ‡gThe ‡tHitman's back in town! (#174) -- ‡tBig Apple battleground! (#175) -- ‡tHe who laughs last...! (#176) -- ‡tGoblin in the middle (#177) -- ‡tGreen grows the Goblin! (#178) -- ‡gThe ‡tGoblin's always greener...! (#179) -- ‡tWho was that Goblin I saw you with? (#180) -- ‡tFlashback! (#181) -- ‡gThe ‡tRocket Racer's back in town! (#182) -- ‡t... and where the Big Wheel stops, nobody knows! (#183) -- ‡tWhite Dragon! Red death! (#184) -- ‡tSpider, Spider, burning bright! (#185) -- ‡gThe ‡tgraduation of Peter Parker (#185). |
| 520 | . | ‡a"J. Jonah Jameson has uncovered proof that Peter Parker is Spider-Man--and that's just the beginning of the web-slinger's problems! Dinosaurs are fighting the Lizard on Broadway. Doctor Faustus plots to drive our hero insane. And the Molten Man and Punisher are back in town! That's just another day in the Big Apple for Spider-Man! But when the Green Goblin returns, all bets are off! Spider-Man's secret identity, the lives of Aunt May and Mary Jane--everything is on the line! Also featuring a team-up with Nova, the first appearance of Rocket Racer, the return of the crime boss Silvermane, an Annual with more spiders than men...and Peter Parker proposes to Mary Jane! Will she accept?" -- ‡cDescription provided by publisher. | |
| 600 | 0 | 0. | ‡aSpider-Man ‡c(Fictitious character) ‡vComic books, strips, etc. |
| 650 | 0. | ‡aSuperheroes ‡vComic books, strips, etc. | |
| 655 | 7. | ‡aGraphic novels. ‡2lcgft | |
| 655 | 7. | ‡aSuperhero comics. ‡2lcgft | |
| 655 | 7. | ‡aScience fiction comics. ‡2lcgft | |
| 700 | 1 | . | ‡aLee, Stan, ‡d1922-2018, ‡ecreator. |
| 700 | 1 | . | ‡aDitko, Steve, ‡ecreator. ‡0(LARL_NWRL_CONSORTIUM)68484 |
| 700 | 1 | . | ‡aWolfman, Marv, ‡eauthor, ‡eeditor. ‡0(LARL_NWRL_CONSORTIUM)68624 |
| 700 | 1 | . | ‡aMantlo, Bill, ‡eauthor. |
| 700 | 1 | . | ‡aEdelman, Scott, ‡eauthor. |
| 700 | 1 | . | ‡aGoodwin, Archie, ‡eauthor, ‡eeditor. ‡0(LARL_NWRL_CONSORTIUM)183908 |
| 700 | 1 | . | ‡aAndru, Ross, ‡eillustrator. ‡0(LARL_NWRL_CONSORTIUM)180766 |
| 700 | 1 | . | ‡aBuscema, Sal, ‡eillustrator. ‡0(LARL_NWRL_CONSORTIUM)68633 |
| 700 | 1 | . | ‡aPerlin, Don, ‡eillustrator. ‡0(LARL_NWRL_CONSORTIUM)202027 |
| 700 | 1 | . | ‡aRomita, John, ‡d1930-2023, ‡eillustrator. |
| 700 | 1 | . | ‡aEsposito, Mike, ‡d1927-2010, ‡eillustrator. |
| 700 | 1 | . | ‡aGiacoia, Frank, ‡eillustrator. ‡0(LARL_NWRL_CONSORTIUM)68483 |
| 700 | 1 | . | ‡aMooney, Jim ‡q(James Noel), ‡d1919-2008, ‡eillustrator. |
| 700 | 1 | . | ‡aDeZuniga, Tony, ‡eillustrator. |
| 700 | 1 | . | ‡aMcLeod, Bob, ‡eillustrator. ‡0(LARL_NWRL_CONSORTIUM)101444 |
| 700 | 1 | . | ‡aMilgrom, Al, ‡eillustrator. |
| 700 | 1 | . | ‡aOliver, Glynis, ‡eillustrator. |
| 700 | 1 | . | ‡aCohen, Janice, ‡d1952- ‡eillustrator. |
| 700 | 1 | . | ‡aWarfield, Don ‡c(Colorist), ‡eillustrator. |
| 700 | 1 | . | ‡aYomtov, Nel, ‡eillustrator. |
| 700 | 1 | . | ‡aWolfman, Michele, ‡eillustrator. |
| 700 | 1 | . | ‡aRosen, Joe, ‡eillustrator. |
| 700 | 1 | . | ‡aSaladino, Gaspar, ‡eillustrator. |
| 700 | 1 | . | ‡aWatanabe, Irv, ‡d1919-1993, ‡eillustrator. |
| 700 | 1 | . | ‡aCostanza, John, ‡eillustrator. ‡0(LARL_NWRL_CONSORTIUM)69606 |
| 700 | 1 | . | ‡aKawecki, Annette, ‡eillustrator. |
| 700 | 1 | . | ‡aNovak, Jim, ‡eillustrator. |
| 700 | 1 | . | ‡aKane, Gil, ‡eillustrator. ‡0(LARL_NWRL_CONSORTIUM)184699 |
| 710 | 2 | . | ‡aMarvel Comics Group, ‡eissuing body. ‡0(LARL_NWRL_CONSORTIUM)62221 |
| 901 | . | ‡a440287 ‡bAUTOGEN ‡c440287 ‡tbiblio | |

Add to basket
Permalink
Disable Highlighting